| 000 | 01040nam a2200277 a 4500 | ||
|---|---|---|---|
| 003 | OSt | ||
| 005 | 20260202095302.0 | ||
| 008 | 101012s2020 dr 000 0 spa d | ||
| 020 | _a9789945807394 | ||
| 040 |
_aDO-SdBNP _bspa _cBNPHU |
||
| 082 |
_a291.4 _bV145u, 2020 |
||
| 100 | 1 |
_aValdez, Manuel _946323 _d1965- |
|
| 245 | 1 | 3 |
_aEl último aparejo : _bla vida es un proyecto y consta de un proceso y un propósito _cManuel Valdez. |
| 246 | 1 | 4 |
_aEl último aparejo : _buna guía para superar las barreras en las etapas cruciales de la vida. |
| 250 | _a3a. ed. rev. y ampl. | ||
| 260 |
_aSanto Domingo : _bMBC, _c2020. |
||
| 300 |
_a216 p. ; _c22 cm. |
||
| 500 | _aIncluye datos biográficos del autor en la contracubierta | ||
| 590 | _aInventariado, 2021/ YL | ||
| 590 | _aLa biblioteca posee tres (3) ejemplares autografiados por el autor. | ||
| 650 | 0 |
_aVida cristiana _9668 |
|
| 650 | 0 |
_aEspiritualidad _9613 |
|
| 650 | 4 |
_aSuperación personal _96470 |
|
| 910 | _aYLOCKWARD/Validado. Control de calidad MFF | ||
| 942 |
_2ddc _cLBS1 |
||
| 999 |
_c49619 _d49619 |
||